Đặc điểm nghệ thuật thơ Hoàng Cầm

Cuộc đời và sự nghiệp văn học của Hoàng Cầm. Cái tôi trữ tình trong thơ Hoàng Cầm. Một số đặc điểm thi pháp thơ Hoàng Cầm

Sparad:
Bibliografiska uppgifter
Huvudupphovsman: Hoàng Thị Hương
Övriga upphovsmän: Nguyễn Phong Nam PGS.TS (Hướng dẫn)
Materialtyp: Bok
Språk:Vietnamese
Publicerad: Đà Nẵng Đại học Đà Nẵng 2011
Ämnen:
Taggar: Lägg till en tagg
Inga taggar, Lägg till första taggen!
Thư viện lưu trữ: Mạng thư viện Đại học Đà Nẵng
LEADER 01504nam a2200349 4500
001 000010665
003 6873
005 20111216101208.0
008 111216s2011 viesd
041 |a vie 
072 |a Luận văn Thạc sĩ Khoa học Xã hội và nhân văn 
082 |a 895.9221  |b HO-H 
100 |a Hoàng Thị Hương 
245 |a Đặc điểm nghệ thuật thơ Hoàng Cầm  |c Hoàng Thị Hương 
260 |a Đà Nẵng  |b Đại học Đà Nẵng  |c 2011 
300 |a 105tr  |c 29cm  |e CD. Tóm tắt luận văn 
500 |a Luận văn Thạc sĩ Khoa học Xã hội và nhân văn. Chuyên ngành: Văn học Việt Nam. Mã số: 60.22.34 
520 |a Cuộc đời và sự nghiệp văn học của Hoàng Cầm. Cái tôi trữ tình trong thơ Hoàng Cầm. Một số đặc điểm thi pháp thơ Hoàng Cầm 
653 |a Hoàng Cầm 
653 |a Văn học 
653 |a Luận văn Thạc sĩ Văn học Việt Nam 
700 |a Nguyễn Phong Nam  |c PGS.TS  |e Hướng dẫn 
OWN |a LSP 
AVA |a UDN50  |b LSP  |d 895.9221 HO-H  |e available  |t Error 5001 Not defined in file expand_doc_bib_avail.  |f 1  |g 0  |h N  |i 0  |k 1 
999 |a From the UDN01 
AVA |a UDN50  |b LSP  |d 895.9221 HO-H  |e available  |t Error 5001 Not defined in file expand_doc_bib_avail.  |f 1  |g 0  |h N  |i 0  |k 1 
TYP |a Monograph 
TYP |a Printed language 
980 |a Mạng thư viện Đại học Đà Nẵng